<?xml version="1.0" encoding="UTF-8"?>
<record
    xmlns:xsi="http://www.w3.org/2001/XMLSchema-instance"
    xsi:schemaLocation="http://www.loc.gov/MARC21/slim http://www.loc.gov/standards/marcxml/schema/MARC21slim.xsd"
    xmlns="http://www.loc.gov/MARC21/slim">

  <leader>01631nab a2200265uuc4500</leader>
  <controlfield tag="001">1190909</controlfield>
  <controlfield tag="005">20251119101041.0</controlfield>
  <controlfield tag="008">100225e20090901                    spa  </controlfield>
  <datafield tag="035" ind1=" " ind2=" ">
    <subfield code="a">1190909</subfield>
  </datafield>
  <datafield tag="035" ind1=" " ind2=" ">
    <subfield code="a">(OCoLC)820527295</subfield>
  </datafield>
  <datafield tag="040" ind1=" " ind2=" ">
    <subfield code="c">comduadb</subfield>
  </datafield>
  <datafield tag="041" ind1=" " ind2=" ">
    <subfield code="a">spa</subfield>
  </datafield>
  <datafield tag="100" ind1="1" ind2="0">
    <subfield code="a">Lince Varela, Rafael</subfield>
    <subfield code="4">aut</subfield>
    <subfield code="e">aut</subfield>
    <subfield code="9">520168</subfield>
  </datafield>
  <datafield tag="245" ind1="1" ind2="0">
    <subfield code="a">Rabdomioma cardiaco como manifestaci&#xF3;n de esclerosis tuberosa. Presentaci&#xF3;n de dos casos y revisi&#xF3;n de la literatura</subfield>
  </datafield>
  <datafield tag="520" ind1="3" ind2=" ">
    <subfield code="a">Los rabdomiomas cardiacos son tumores benignos dependientes de las fibras musculares mioc&#xE1;rdicas, los cuales usualmente son m&#xFA;ltiples, pero tienden a disminuir tanto en n&#xFA;mero como en tama&#xF1;o con el crecimiento, con una regresi&#xF3;n espont&#xE1;nea en 90% de los casos. Hacen parte de los tumores cardiacos primarios, los cuales son poco frecuentes, con una incidencia que var&#xED;a entre 0,0017% y 0,28%. El m&#xE1;s frecuente de los tumores cardiacos primarios es el rabdomioma. Se describe asociaci&#xF3;n con esclerosis tuberosa hasta en 72% de los casos, raz&#xF3;n por la cual &#xE9;sta debe buscarse ante el hallazgo de rabdomioma cardiaco.</subfield>
  </datafield>
  <datafield tag="650" ind1=" " ind2=" ">
    <subfield code="a">Tumores cardiacos</subfield>
    <subfield code="9">179689</subfield>
  </datafield>
  <datafield tag="650" ind1=" " ind2="7">
    <subfield code="a">Ecocardiograf&#xED;a</subfield>
    <subfield code="2">dcs</subfield>
    <subfield code="9">56441</subfield>
  </datafield>
  <datafield tag="650" ind1=" " ind2=" ">
    <subfield code="a">Enfermedades del miocardio</subfield>
    <subfield code="9">63285</subfield>
  </datafield>
  <datafield tag="700" ind1="1" ind2="0">
    <subfield code="a">G&#xF3;mez L&#xF3;pez de Mesa, Carolina</subfield>
    <subfield code="4">aut</subfield>
    <subfield code="e">aut</subfield>
    <subfield code="9">610438</subfield>
  </datafield>
  <datafield tag="700" ind1="1" ind2="0">
    <subfield code="a">Arteaga Arteaga, Ang&#xE9;lica</subfield>
    <subfield code="4">aut</subfield>
    <subfield code="e">aut</subfield>
    <subfield code="9">604236</subfield>
  </datafield>
  <datafield tag="700" ind1="1" ind2="0">
    <subfield code="a">Montoya, Jorge H.</subfield>
    <subfield code="4">aut</subfield>
    <subfield code="e">aut</subfield>
    <subfield code="9">607929</subfield>
  </datafield>
  <datafield tag="700" ind1="1" ind2="0">
    <subfield code="a">Vasquez, Luz M.</subfield>
    <subfield code="4">aut</subfield>
    <subfield code="e">aut</subfield>
    <subfield code="9">607930</subfield>
  </datafield>
  <datafield tag="773" ind1="0" ind2=" ">
    <subfield code="t">Revista Colombiana de Cardiolog&#xED;a (Bogot&#xE1;)</subfield>
    <subfield code="g">Volumen 16, N&#xFA;mero 05, Septiembre-Octubre 2009, p. 224-228</subfield>
    <subfield code="w">442614</subfield>
    <subfield code="x">0120-5633</subfield>
    <subfield code="0">115637</subfield>
  </datafield>
  <datafield tag="942" ind1=" " ind2=" ">
    <subfield code="c">ARIMP</subfield>
  </datafield>
  <datafield tag="999" ind1=" " ind2=" ">
    <subfield code="c">542752</subfield>
    <subfield code="d">542752</subfield>
  </datafield>
</record>
